00517nam a22001697a 450000500170000001000130001702000260003003500120005603700130006808200110008110000250009224500500011724600440016726000530021127000620026430000210032620230718171235.0 aUR-12079 a9789350733592c220.00 aU-10634 bDBAD/PUB a840.92 aچشتی ، انیس aیادیں ورق ورق /cانیس چشتی aYaadein Waraq Waraq /bby Anees Chishti aNew DelhibEducational Publishing Housec2014 ء a3191, Vakil Street, Kucha Pandit, Lal KuanbDelhie110006 a224 صc23cm(Hb)